000 00183nam a2200073Ia 4500
008 170817s9999 xx 000 0 und d
100 _aHILGART R.
245 0 _aINTRODUCTION TO PSYCHOLOGY
260 _bOXFORD & IBH PUB.
999 _c36419
_d36419